00687nam a2200229 a 4500020002700000020003000027100001800057245005400075250001200129260004200141300001400183650002700197650003200224650001700256650001600273650002700289650002700316650001600343650003200359700001800391856004800409 a8121924901 (paperback) a9788121924900 (paperback)1 aTheraja, B.L.12aA Textbook of Electrical Technology (all volumes) a1st ed. a[VOL.l1.] :bS Chand & Co Ltd,c2011. a1568 p. ; aElectrical engineering aElectric power distribution aExaminations aElectronics aElectrical engineering aElectric power systems aElectricity aElectric power transmission1 aTheraja, A.K.40uhttp://10.10.170.122:8080/browse/book/24479